| 000 | 00834nam a22002777a 4500 | ||
|---|---|---|---|
| 003 | CHAP | ||
| 005 | 20220329135848.0 | ||
| 008 | 971013s1961 r 00010 d | ||
| 010 | _a43467 | ||
| 011 | _a44439 | ||
| 035 | _a48577 | ||
| 040 | _cCHAP | ||
| 090 | _aFolleto 451 | ||
| 110 |
_aMéxico. Subsecretaría de Recursos Forestales y de Caza _977258 |
||
| 245 | _aArboles de navidad | ||
| 260 |
_aMéxico, D.F. : _bLa Subsecretaría, _c1961 |
||
| 300 |
_a42 p. _b: ilus |
||
| 590 |
_aBATCH-UPD _b10 _c20130110 _lUCH01 _h1951 |
||
| 590 |
_aBATCH-UPD _b10 _c20130410 _lUCH01 _h1313 |
||
| 590 |
_aBATCH-UPD _b10 _c20130914 _lUCH01 _h1846 |
||
| 590 |
_aCONVERSION _b10 _c20130109 _lUCH01 _h1324 |
||
| 650 | 1 | 4 |
_aÁrboles de navidad. _982443 |
| 901 | _aBK | ||
| 942 | _cFOLL | ||
| 949 |
_aFolleto 451 _bBC _cFOLL _d-109914 _eTS1 _i48577 _mD _si |
||
| 999 |
_c43467 _d43467 |
||